• 首页
  • 本馆介绍
  • 公告通知
  • 最新文献
  • 馆藏检索
  • 电子资源
  • 读者导购
  • 参考咨询
  • 我的图书馆
  • 登录
  • 详细信息显示
  • 放入我的书架
  • 预约/预借图书
  • 作者相关作品
  • 分类相关作品
  • 丛书相关作品
  • 出版社相关作品

书目信息

  • 表格格式
  • 工作单格式
  • 卡片格式
题名:
舞蹈与幼儿舞蹈创编
    
 
作者: 张姝 , 孙晓亮 主编
分册:  
出版信息: 南昌   江西高校出版社  2018
页数: 189页
开本: 29cm
丛书名: “十三五”规划学前教育专业系列教材
单 册:
中图分类: G613.5 , J722.3
科图分类:
主题词: 舞蹈训练--wu dao xun lian--学前教育--教材 , 儿童舞蹈--er tong wu dao--舞蹈创作--学前教育--教材
电子资源:
ISBN: 978-7-5493-6894-5
000 01248nam 2200325 45
001 012001004415
005 20131017110406.0
010    @a978-7-5493-6894-5@dCNY49.80
099    @aCAL 012018181759
100    @a20181009d2018 em y0chiy50 ea
101 0  @achi
102    @aCN@b360000
105    @aa a 000yy
106    @ar
200 1  @a舞蹈与幼儿舞蹈创编@Awu dao yu you er wu dao chuang bian@f主编张姝, 孙晓亮
210    @a南昌@c江西高校出版社@d2018
215    @a189页@c彩图@d29cm
225 2  @a“十三五”规划学前教育专业系列教材@A“ shi san wu ” gui hua xue qian jiao yu zhuan ye xi lie jiao cai
320    @a有书目 (第189页)
330    @a本书分为舞蹈基础知识、幼儿舞蹈与创编、风格性舞蹈及理论、舞蹈欣赏4个单元, 包括舞蹈基础理论、舞蹈解剖学、幼儿舞蹈、幼儿舞蹈教学、舞蹈创编方法与幼儿舞蹈创作等内容。
333    @a全国学前教育专业应用型精品教材
410  0 @12001 @a“十三五”规划学前教育专业系列教材
606 0  @a舞蹈训练@Awu dao xun lian@x学前教育@j教材
606 0  @a儿童舞蹈@Aer tong wu dao@x舞蹈创作@x学前教育@j教材
690    @aG613.5@v5
690    @aJ722.3@v5
701  0 @a张姝@Azhang shu@4主编
701  0 @a孙晓亮@Asun xiao liang@4主编
801  0 @aCN@b江苏凤凰@c20191020
905    @b1223167-9@dG613.5@e938@f3
    
    舞蹈与幼儿舞蹈创编/主编张姝, 孙晓亮.-南昌:江西高校出版社,2018
    189页:彩图;29cm.-(“十三五”规划学前教育专业系列教材)
    使用对象:全国学前教育专业应用型精品教材
    
    ISBN 978-7-5493-6894-5:CNY49.80
    本书分为舞蹈基础知识、幼儿舞蹈与创编、风格性舞蹈及理论、舞蹈欣赏4个单元, 包括舞蹈基础理论、舞蹈解剖学、幼儿舞蹈、幼儿舞蹈教学、舞蹈创编方法与幼儿舞蹈创作等内容。
●
相关链接 在E读中查询图书 在五车中查询图书 在当当中查询图书 在豆瓣中查询图书


正题名:舞蹈与幼儿舞蹈创编     索取号:G613.5/938         预约/预借

序号 登录号 条形码 馆藏地/架位号 状态 备注
1 1223167   212231672   第一样本阅览室/ [索取号:G613.5/938] 在馆    
2 1223168   212231681   第四借阅区/ [索取号:G613.5/938] 在馆    
3 1223169   212231690   第四借阅区/ [索取号:G613.5/938] 在馆    
唐山师范学院图书馆 欢迎您!
大连网信软件有限公司© 版权所有